[Event "FIDE World Rapid 2014"]
[Site "Dubai UAE"]
[Date "2014.06.17"]
[Round "6.33"]
[White "Adly, Ahmed"]
[Black "Sargissian, Gabriel"]
[Result "1/2-1/2"]
[WhiteTitle "GM"]
[BlackTitle "GM"]
[WhiteElo "2594"]
[BlackElo "2686"]
[WhiteFideId "10601619"]
[BlackFideId "13300881"]
[EventDate "2014.06.16"]

1. d4 Nf6 2. Nf3 e6 3. e3 b6 4. b3 Bb7 5. Bb2 c5 6. Bd3 d5 7. O-O Nc6 8. Nbd2
Be7 9. Ne5 Nxe5 10. dxe5 Nd7 11. f4 g6 12. c4 Qc7 13. cxd5 Bxd5 14. e4 Bc6 15.
Nc4 O-O 16. f5 b5 17. fxe6 fxe6 18. Qg4 Rxf1+ 19. Rxf1 Nf8 20. Nd6 Bxd6 21. exd6
Qxd6 22. Qf3 Qe7 23. Qf4 e5 24. Bxe5 Ne6 25. Qg3 Qg5 26. Rf6 Qxg3 27. Bxg3 Re8
28. h4 Bd7 29. h5 Rf8 30. Rxf8+ Kxf8 31. Bd6+ Kf7 32. h6 Kf6 33. Kf2 Kg5 34. Be2
Kxh6 35. Bg4 Kg5 36. Bxe6 Bxe6 37. Bxc5 a5 38. Bb6 a4 39. bxa4 bxa4 40. Be3+ Kg4
41. a3 h5 42. Bd2 g5 43. g3 h4 44. gxh4 gxh4 45. Kg2 h3+ 46. Kh2 Kf3 47. Bb4 1/2-1/2

[Event "FIDE World Rapid 2014"]
[Site "Dubai UAE"]
[Date "2014.06.17"]
[Round "6.34"]
[White "Michalik, Peter"]
[Black "Safarli, Eltaj"]
[Result "0-1"]
[WhiteTitle "GM"]
[BlackTitle "GM"]
[WhiteElo "2557"]
[BlackElo "2649"]
[WhiteFideId "14907526"]
[BlackFideId "13402129"]
[EventDate "2014.06.16"]

1. d4 Nf6 2. c4 e6 3. Nc3 Bb4 4. Nf3 d5 5. cxd5 exd5 6. Bg5 Nbd7 7. e3 c5 8. Bb5
Qa5 9. O-O Bxc3 10. Bxd7+ Nxd7 11. bxc3 c4 12. Qc2 O-O 13. Rfe1 Nb6 14. Be7 Re8
15. Bc5 Qa4 16. Qb1 Nd7 17. Bd6 Nf6 18. Nd2 Qc6 19. Be5 Nd7 20. Bg3 Nb6 21. f3
Na4 22. Qc2 b5 23. e4 Bb7 24. exd5 Qxd5 25. Ne4 Re6 26. Nf2 Rae8 27. Re5 Rxe5
28. dxe5 Qc5 29. Rd1 Qe3 30. Kf1 Nxc3 31. Rd7 Bc8 32. Ng4 Qe2+ 33. Qxe2 Nxe2 34.
Rxa7 Nxg3+ 35. hxg3 Bxg4 36. fxg4 h6 37. Ra5 Rxe5 38. a4 c3 39. axb5 Rc5 0-1

[Event "FIDE World Rapid 2014"]
[Site "Dubai UAE"]
[Date "2014.06.17"]
[Round "6.36"]
[White "Milov, Vadim"]
[Black "Lu, Shanglei"]
[Result "0-1"]
[WhiteTitle "GM"]
[BlackTitle "GM"]
[WhiteElo "2622"]
[BlackElo "2546"]
[WhiteFideId "1304364"]
[BlackFideId "8603332"]
[EventDate "2014.06.16"]

1. d4 f5 2. g3 Nf6 3. Bg2 g6 4. Nf3 Bg7 5. c4 d6 6. O-O O-O 7. b4 e5 8. dxe5
dxe5 9. Bb2 e4 10. Nd4 Ng4 11. Na3 a5 12. b5 c5 13. bxc6 bxc6 14. c5 Qd5 15. Qb3
Ba6 16. h3 Nh6 17. Rfe1 Qxb3 18. axb3 Nd7 19. Rab1 Rfc8 20. Ne6 Bxb2 21. Rxb2
Rab8 22. f3 exf3 23. exf3 Re8 24. Kf2 Nf7 25. Re3 a4 26. f4 Rxe6 27. Rxe6 Nxc5
28. Rxc6 Nd3+ 29. Kg1 Nxb2 30. Rxa6 Rxb3 31. Nc2 Rxg3 32. Nd4 Rd3 33. Ne6 Nd6
34. Ra7 a3 35. Rg7+ Kh8 36. Ra7 h6 37. Nf8 Rd1+ 38. Kh2 Nbc4 39. Nxg6+ Kg8 40.
Bd5+ Rxd5 41. Ne7+ Kf8 42. Nxd5 Nb5 43. Ra6 h5 44. Kg3 Ke8 45. Kh4 Kd7 46. Kxh5
Ncd6 47. Kg6 Kc8 48. h4 Kb7 49. Nb4 Ne4 50. h5 Nc5 51. Ra5 Kb6 52. Ra8 Kb7 53.
Re8 0-1

[Event "FIDE World Rapid 2014"]
[Site "Dubai UAE"]
[Date "2014.06.17"]
[Round "6.37"]
[White "Maletin, Pavel"]
[Black "Kovalev, Vladislav"]
[Result "1-0"]
[WhiteTitle "GM"]
[BlackTitle "GM"]
[WhiteElo "2588"]
[BlackElo "2554"]
[WhiteFideId "4146786"]
[BlackFideId "13504398"]
[EventDate "2014.06.16"]

1. d4 Nf6 2. c4 g6 3. g3 Bg7 4. Bg2 O-O 5. Nf3 d5 6. cxd5 Nxd5 7. O-O Nb6 8. Nc3
Nc6 9. e3 Re8 10. Nh4 a5 11. f4 a4 12. Nf3 a3 13. bxa3 Na5 14. Rb1 Nac4 15. Rb3
Na5 16. Rb1 Nac4 17. Ne5 c5 18. dxc5 Nxe5 19. cxb6 Nd3 20. Nd5 Nxc1 21. Qxc1 Bf5
22. e4 Rc8 23. Qd1 Be6 24. e5 Bf5 25. Rb2 e6 26. Nc7 Qxd1 27. Rxd1 Red8 28.
Rxd8+ Rxd8 29. Bxb7 Bf8 30. Bf3 Bxa3 31. Rb3 Bc5+ 32. Kf1 Bc2 33. Rb2 Bd3+ 34.
Be2 Be4 35. b7 Ba7 36. Na6 Kg7 37. b8=Q Bxb8 38. Nxb8 1-0

[Event "FIDE World Rapid 2014"]
[Site "Dubai UAE"]
[Date "2014.06.17"]
[Round "6.38"]
[White "Al-Modiahki, Mohamad"]
[Black "Fedoseev, Vladimir3"]
[Result "1-0"]
[WhiteTitle "GM"]
[BlackTitle "GM"]
[WhiteElo "2549"]
[BlackElo "2662"]
[WhiteFideId "12100030"]
[BlackFideId "24130737"]
[EventDate "2014.06.16"]

1. e4 e6 2. d4 d5 3. Nc3 Bb4 4. e5 c5 5. a3 Bxc3+ 6. bxc3 Qa5 7. Bd2 Qa4 8. Qg4
Kf8 9. Qd1 Nc6 10. Nf3 b6 11. c4 dxc4 12. dxc5 Nge7 13. cxb6 axb6 14. Be2 Nd5
15. O-O Ba6 16. Bb4+ Kg8 17. Qe1 Nf4 18. c3 Qc2 19. Bd1 Qd3 20. Qe3 Qxe3 21.
fxe3 Nd5 22. e4 Ncxb4 23. cxb4 Ne7 24. Ng5 Rf8 25. Bg4 h5 26. Rxf7 hxg4 27. Rxe7
Rh5 28. Nxe6 Rxe5 29. Rxg7+ Kh8 30. Rg6 Rf7 31. Ng5 Rg7 32. Rxb6 Bc8 33. Rb8 Re8
34. Ne6 Rd7 35. Rc1 Rg8 36. Nc5 Rd4 37. e5 Kh7 38. e6 Rd2 39. e7 g3 40. Ne4
gxh2+ 41. Kh1 1-0

[Event "FIDE World Rapid 2014"]
[Site "Dubai UAE"]
[Date "2014.06.17"]
[Round "6.39"]
[White "Shyam, Sundar M."]
[Black "Ganguly, Surya Shekhar"]
[Result "0-1"]
[WhiteTitle "GM"]
[BlackTitle "GM"]
[WhiteElo "2468"]
[BlackElo "2619"]
[WhiteFideId "5019141"]
[BlackFideId "5002150"]
[EventDate "2014.06.16"]

1. e4 c5 2. Nf3 e6 3. d4 cxd4 4. Nxd4 Nc6 5. Nc3 Qc7 6. Be3 a6 7. Qf3 b5 8. Qg3
Qxg3 9. hxg3 Bb7 10. Nxc6 Bxc6 11. f3 Bb4 12. O-O-O Ne7 13. Bd3 Rc8 14. Ne2 Bb7
15. Rh5 f6 16. g4 h6 17. a3 Ba5 18. g5 fxg5 19. Bxg5 Rc5 20. Rdh1 Bb6 21. Bd2
Rxh5 22. Rxh5 Kf7 23. f4 Rc8 24. Kd1 Ng8 25. Bc3 Nf6 26. Bxf6 Kxf6 27. g4 Kf7
28. Kd2 Bc5 29. c3 Be7 30. Nd4 Rh8 31. Nf3 Rd8 32. Ke3 Bf8 33. g5 g6 34. Ne5+
Kg8 35. Nxg6 hxg5 36. Rxg5 Bg7 37. Ne5 Kf8 38. Rh5 d6 39. Nf3 Bc6 40. Ng5 Ke7
41. Rh7 Rg8 42. Be2 Kf6 43. Rh2 e5 44. Nh7+ Ke7 45. f5 Rh8 46. Rh3 d5 47. Bf3
d4+ 48. cxd4 exd4+ 49. Kf4 Kd6 50. Kg5 Ke5 51. Bg2 Rg8 52. Kh4 Bh6 53. f6 Rxg2
54. f7 Bxe4 55. f8=Q Bxf8 56. Nxf8 Bf5 0-1

[Event "FIDE World Rapid 2014"]
[Site "Dubai UAE"]
[Date "2014.06.17"]
[Round "6.40"]
[White "Sriram, Jha"]
[Black "Sandipan, Chanda"]
[Result "0-1"]
[WhiteTitle "GM"]
[BlackTitle "GM"]
[WhiteElo "2375"]
[BlackElo "2594"]
[WhiteFideId "5001668"]
[BlackFideId "5004225"]
[EventDate "2014.06.16"]

1. Nf3 Nf6 2. g3 g6 3. b3 Bg7 4. Bb2 O-O 5. Bg2 d5 6. c4 c6 7. O-O Bg4 8. d3
Bxf3 9. Bxf3 Re8 10. Nd2 e5 11. Qc2 Na6 12. a3 d4 13. b4 Qd7 14. Bg2 h5 15. Nf3
Rad8 16. Rad1 Ng4 17. Bc1 Nc7 18. h3 Nh6 19. e3 dxe3 20. Bxe3 Nf5 21. Bxa7 Ra8
22. Bc5 Ne6 23. Bb6 Rxa3 24. Rfe1 Qd6 25. c5 Qb8 26. Qb2 Rxd3 27. Rxd3 e4 28.
Qa3 exd3 29. Qxd3 Ned4 30. Rxe8+ Qxe8 31. Nxd4 Bxd4 32. Be4 Nxg3 33. Qxg3 Qxe4
34. Bc7 h4 35. Qg2 Qe1+ 0-1

[Event "FIDE World Rapid 2014"]
[Site "Dubai UAE"]
[Date "2014.06.17"]
[Round "6.41"]
[White "Al Qudaimi, Basheer"]
[Black "Amin, Bassem"]
[Result "0-1"]
[WhiteTitle "IM"]
[BlackTitle "GM"]
[WhiteElo "2396"]
[BlackElo "2635"]
[WhiteFideId "9400346"]
[BlackFideId "10601457"]
[EventDate "2014.06.16"]

1. e4 e5 2. Nf3 Nc6 3. d4 exd4 4. Nxd4 Nf6 5. Nxc6 bxc6 6. e5 Qe7 7. Qe2 Nd5 8.
c4 Ba6 9. b3 g5 10. Ba3 Nb4 11. g3 O-O-O 12. Bb2 Bg7 13. a3 Nd5 14. Bg2 Rde8 15.
O-O Bxe5 16. Qxe5 Qxe5 17. Bxe5 Rxe5 18. cxd5 Bxf1 19. Kxf1 cxd5 20. Nc3 c6 21.
Rc1 Kd8 22. b4 h5 23. Bf3 g4 24. Be2 h4 25. Rc2 hxg3 26. hxg3 d4 27. Na4 d3 28.
Bxd3 Rh1+ 29. Kg2 Ree1 0-1

[Event "FIDE World Rapid 2014"]
[Site "Dubai UAE"]
[Date "2014.06.17"]
[Round "6.42"]
[White "Fier, Alexandr"]
[Black "Saeed, Ishaq"]
[Result "1-0"]
[WhiteTitle "GM"]
[BlackTitle "FM"]
[WhiteElo "2580"]
[BlackElo "2227"]
[WhiteFideId "2107139"]
[BlackFideId "9301453"]
[EventDate "2014.06.16"]

1. d4 d5 2. Bg5 h6 3. Bh4 Nf6 4. Bxf6 exf6 5. e3 Bd6 6. g3 O-O 7. Bg2 c6 8. Ne2
Bg4 9. Nd2 Re8 10. O-O Nd7 11. c4 dxc4 12. Nxc4 Bf8 13. Qc2 b5 14. Na3 Rc8 15.
Nf4 g5 16. Nd3 Bf5 17. Qd1 a6 18. Nc2 c5 19. Rc1 Qb6 20. dxc5 Nxc5 21. Ndb4 Ne4
22. Nd4 Bg6 23. Nbc6 a5 24. Qe2 Bc5 25. a3 b4 26. axb4 axb4 27. Rc4 Bxd4 28.
Ne7+ Rxe7 29. Rxc8+ Kg7 30. exd4 Qxd4 31. Qd1 Qxd1 32. Rxd1 Bf5 33. Rb8 Nc5 34.
Rb5 Rc7 35. Rc1 Bd3 36. Rbxc5 Ra7 37. Bf1 Be4 38. R5c4 Bd5 39. Rxb4 h5 40. Bg2
Be6 41. Rb8 h4 42. b4 h3 43. Bc6 f5 44. b5 f4 45. b6 Ra2 46. Ra8 Rb2 47. b7 fxg3
48. hxg3 h2+ 49. Kxh2 Rxf2+ 50. Kg1 1-0

[Event "FIDE World Rapid 2014"]
[Site "Dubai UAE"]
[Date "2014.06.17"]
[Round "6.43"]
[White "Salem, A.R. Saleh"]
[Black "Ringoir, Tanguy"]
[Result "1/2-1/2"]
[WhiteTitle "GM"]
[BlackTitle "IM"]
[WhiteElo "2581"]
[BlackElo "2506"]
[WhiteFideId "9301348"]
[BlackFideId "208027"]
[EventDate "2014.06.16"]

1. d4 d5 2. c4 c6 3. Nf3 Nf6 4. Nc3 dxc4 5. e4 b5 6. e5 Nd5 7. a4 e6 8. Be2 h6
9. O-O Bb7 10. Ne4 a6 11. Bd2 Nd7 12. b3 cxb3 13. Qxb3 Be7 14. Ne1 Qb6 15. Nc2
Rc8 16. Qg3 g6 17. Rfc1 Kf8 18. h4 c5 19. axb5 axb5 20. Ba5 Qc6 21. dxc5 Nxc5
22. Nd6 Bxd6 23. exd6 Nf4 24. Bf1 Qxd6 25. Rd1 Qb8 26. Bb4 Kg8 27. Qe3 Nd5 28.
Rxd5 Bxd5 29. Bxc5 Qc7 30. Bd4 Qxc2 31. Qe5 Rh7 32. Bxb5 Qe4 33. Qxe4 Bxe4 34.
Bf6 Rb8 35. Rc1 Rg7 36. Be2 Rb1 37. Rxb1 Bxb1 38. Bxg7 Kxg7 39. f4 g5 40. hxg5
hxg5 41. g3 Kf6 42. Kf2 Kf5 43. Ke3 f6 44. Bd1 e5 45. fxe5 fxe5 46. Bf3 Bc2 47.
Be2 Ba4 48. Bf3 Bb5 49. Bd1 Bf1 50. Bh5 Bh3 51. Bf3 Bg4 52. Be4+ Ke6 53. Bg2 Kd6
54. Bh1 Be6 55. Bg2 Kc5 56. Bf3 Bd5 57. Be2 Kb4 58. Bd3 Kc3 59. Be4 Bb3 60. Bf3
Bc2 61. Be4 Bb3 62. Bf3 Ba4 63. Bd5 Bc2 64. Be4 Bb3 65. Bf3 Bc2 66. Be4 Bb3 67.
Bf3 1/2-1/2

[Event "FIDE World Rapid 2014"]
[Site "Dubai UAE"]
[Date "2014.06.17"]
[Round "6.44"]
[White "Vakhidov, Jahongir"]
[Black "Goloshchapov, Alexander"]
[Result "1-0"]
[WhiteTitle "IM"]
[BlackTitle "GM"]
[WhiteElo "2471"]
[BlackElo "2586"]
[WhiteFideId "14201801"]
[BlackFideId "14103222"]
[EventDate "2014.06.16"]

1. Nf3 d5 2. d4 Nf6 3. e3 e6 4. Bd3 c5 5. O-O b6 6. b3 Bb7 7. Bb2 Nc6 8. Nbd2
Be7 9. Ne5 Nxe5 10. dxe5 Nd7 11. f4 f5 12. c4 Qc7 13. cxd5 Bxd5 14. e4 fxe4 15.
Nxe4 O-O-O 16. Qe2 h6 17. Nc3 Nb8 18. f5 Nc6 19. Nb5 Qb8 20. Rad1 Kb7 21. f6
gxf6 22. exf6 Bd6 23. Nxd6+ Qxd6 24. Ba6+ Kb8 25. f7 e5 26. Rf5 Nd4 27. Qxe5
Qxe5 28. Rxe5 Bxf7 29. Re7 Bh5 30. Rde1 Rhe8 31. Bc1 Rxe7 32. Rxe7 Rf8 33. Bxh6
Rf6 34. Bg7 1-0

[Event "FIDE World Rapid 2014"]
[Site "Dubai UAE"]
[Date "2014.06.17"]
[Round "6.45"]
[White "Korobov, Anton"]
[Black "Gundavaa, Bayarsaikhan"]
[Result "1-0"]
[WhiteTitle "GM"]
[BlackTitle "GM"]
[WhiteElo "2680"]
[BlackElo "2501"]
[WhiteFideId "14105730"]
[BlackFideId "4901045"]
[EventDate "2014.06.16"]

1. d4 Nf6 2. c4 e6 3. Nc3 Bb4 4. f3 c5 5. d5 O-O 6. e4 Re8 7. Ne2 exd5 8. cxd5
d6 9. Ng3 Nbd7 10. Be2 Ne5 11. O-O a6 12. a4 Bd7 13. Be3 Rc8 14. Kh1 c4 15. Bd4
Ng6 16. Qd2 h6 17. a5 Nh7 18. Nh5 f6 19. Bb6 Qe7 20. Ng3 Ng5 21. Rae1 Qf8 22.
Bd1 f5 23. Bc2 f4 24. Nf5 Nf7 25. g3 fxg3 26. hxg3 Nfe5 27. Kg2 Qf6 28. Bd4 Qf7
29. f4 Nd3 30. Nxg7 Nxe1+ 31. Rxe1 Re7 32. Ne6 Bxe6 33. dxe6 Qh7 34. f5 Ne5 35.
Rh1 h5 36. Qg5+ Rg7 37. Qxh5 1-0

[Event "FIDE World Rapid 2014"]
[Site "Dubai UAE"]
[Date "2014.06.17"]
[Round "6.46"]
[White "Vahidov, Tair"]
[Black "Savchenko, Boris"]
[Result "1-0"]
[WhiteTitle "GM"]
[BlackTitle "GM"]
[WhiteElo "2446"]
[BlackElo "2581"]
[WhiteFideId "14200155"]
[BlackFideId "4147332"]
[EventDate "2014.06.16"]

1. Nf3 d5 2. d4 c6 3. g3 Bf5 4. Bg2 Nf6 5. O-O e6 6. Nh4 Bg4 7. Nc3 c5 8. Bf4
Nc6 9. Nb5 Rc8 10. h3 Bh5 11. dxc5 Bxc5 12. c4 d4 13. a3 e5 14. b4 Be7 15. Bxc6+
bxc6 16. Bxe5 cxb5 17. Nf5 O-O 18. Qxd4 Bxe2 19. Rfe1 Bxc4 20. Qxa7 Nd5 21. Bxg7
Bf6 22. Bxf8 Qxf8 23. Rad1 Nc3 24. Qb6 Be6 25. Rxe6 fxe6 26. Qxe6+ Kh8 27. Rd6
Bg7 28. Nxg7 Kxg7 29. Rd7+ Kh8 30. Qe5+ Kg8 31. Qg5+ Kh8 32. Qh5 h6 33. Qe5+ Kg8
34. Qe6+ Kh8 35. Qg6 Ne2+ 36. Kg2 Nf4+ 37. gxf4 Qg8 38. Qxg8+ Kxg8 39. Rd3 Rc4
40. Kf3 Kf7 41. Kg4 Ke6 42. Re3+ Kf6 43. Re5 Rc3 44. Rxb5 Rxa3 45. Rb6+ Kg7 46.
h4 Ra2 47. f3 Rd2 48. b5 Rd5 49. h5 Rc5 50. Rg6+ Kh7 51. b6 Rb5 52. Rc6 Kg7 53.
f5 Rb4+ 54. Kg3 Rb5 55. Kf4 Rb4+ 56. Ke5 Rb3 57. Kd6 1-0

[Event "FIDE World Rapid 2014"]
[Site "Dubai UAE"]
[Date "2014.06.17"]
[Round "6.47"]
[White "Moradiabadi, Elshan"]
[Black "Kayumov, Sergey"]
[Result "0-1"]
[WhiteTitle "GM"]
[BlackTitle "GM"]
[WhiteElo "2586"]
[BlackElo "2505"]
[WhiteFideId "12501255"]
[BlackFideId "14200880"]
[EventDate "2014.06.16"]

1. e4 d6 2. d4 Nf6 3. Nc3 Nbd7 4. f4 e5 5. Nf3 exd4 6. Qxd4 c6 7. Be3 d5 8. e5
Ng4 9. Bg1 Nh6 10. O-O-O Nf5 11. Qd2 Bb4 12. a3 Bc5 13. Bd3 Bxg1 14. Bxf5 Bb6
15. e6 Nc5 16. exf7+ Kxf7 17. Ng5+ Kg8 18. Bxc8 Rxc8 19. b4 Na6 20. Rhe1 Nc7 21.
Re5 h6 22. Nf3 Qf6 23. Rde1 Rf8 24. g3 g5 25. f5 Rh7 26. Kb1 Rff7 27. g4 Re7 28.
h4 Rxe5 29. Rxe5 gxh4 30. a4 a5 31. Ne2 Rg7 32. bxa5 Bc5 33. Nf4 Rxg4 34. Nh5
Qf8 35. f6 h3 36. Rf5 Rb4+ 37. Kc1 Rxa4 38. f7+ Kh8 39. Ne5 Ra1+ 40. Kb2 Bd4+
41. c3 Qa3+ 42. Kc2 Ra2+ 43. Kd3 Rxd2+ 44. Kxd2 Qxc3+ 45. Kd1 Qb3+ 46. Kd2 Qe3+
47. Kd1 Qb3+ 48. Kd2 Qb2+ 49. Kd3 Qc3+ 0-1

[Event "FIDE World Rapid 2014"]
[Site "Dubai UAE"]
[Date "2014.06.17"]
[Round "6.49"]
[White "Omar, Noaman"]
[Black "Andriasian, Zaven"]
[Result "0-1"]
[WhiteTitle "IM"]
[BlackTitle "GM"]
[WhiteElo "2366"]
[BlackElo "2611"]
[WhiteFideId "9300244"]
[BlackFideId "13302000"]
[EventDate "2014.06.16"]

1. d4 Nf6 2. c4 c5 3. d5 e6 4. Nc3 exd5 5. cxd5 g6 6. e4 d6 7. h3 Bg7 8. Nf3 O-O
9. Bg5 h6 10. Be3 Re8 11. Bd3 a6 12. a4 Nbd7 13. O-O Rb8 14. Qd2 g5 15. Rab1 Nh5
16. b4 Qf6 17. Ne2 c4 18. Bxc4 Rxe4 19. Bd3 Re8 20. Rbe1 Ne5 21. Nxe5 dxe5 22.
Ng3 Nf4 23. Be4 Bd7 24. Bxf4 gxf4 25. Nh5 Qg5 26. Nxg7 Kxg7 27. Kh2 f5 28. Bc2
e4 29. Bb3 Kh7 30. Rg1 e3 31. Qe2 Re4 32. Bc2 Re5 33. fxe3 Rxe3 34. Qf2 Qg3+ 35.
Qxg3 fxg3+ 36. Kh1 Rbe8 37. Rxe3 Rxe3 38. Rd1 Kg6 39. Kg1 Rc3 40. Rd2 Rc4 41.
Kf1 Rxb4 42. Ke2 Kf6 43. d6 Ke5 44. Kf3 f4 45. Ke2 h5 46. Kf3 h4 47. Ke2 Rd4 48.
Rxd4 Kxd4 49. Kf3 Ke5 50. Be4 b6 51. Bd3 a5 52. Bc2 Bc6+ 53. Kg4 Kxd6 54. Kxh4
Bxg2 55. Kg4 Bc6 0-1

[Event "FIDE World Rapid 2014"]
[Site "Dubai UAE"]
[Date "2014.06.17"]
[Round "6.50"]
[White "Othman, A. Moussa"]
[Black "Ghaem Maghami, Ehsan"]
[Result "0-1"]
[WhiteTitle "FM"]
[BlackTitle "GM"]
[WhiteElo "2275"]
[BlackElo "2582"]
[WhiteFideId "9300155"]
[BlackFideId "12500739"]
[EventDate "2014.06.16"]

1. Nf3 Nf6 2. g3 c5 3. Bg2 b5 4. O-O Bb7 5. b3 e6 6. Bb2 Be7 7. c4 b4 8. d4 cxd4
9. Nxd4 Bxg2 10. Kxg2 O-O 11. Nd2 Qc7 12. Qc2 d6 13. Kg1 Nbd7 14. Rfd1 Rfc8 15.
Rac1 Qb7 16. Qb1 a6 17. N4f3 Nc5 18. Ng5 e5 19. Ngf3 a5 20. Nf1 a4 21. N3d2 Nfe4
22. Nxe4 Qxe4 23. Qxe4 Nxe4 24. Nd2 Nc5 25. Rb1 axb3 26. axb3 Ra2 27. f3 f6 28.
Kf1 Kf7 29. Bc1 f5 30. f4 Ke6 31. Nf3 Bf6 32. Be3 Ne4 33. fxe5 dxe5 34. Ra1 Rca8
35. Rxa2 Rxa2 36. Rd5 g5 37. Rb5 f4 38. gxf4 gxf4 39. Rb6+ Kf5 40. Bf2 Nxf2 41.
Kxf2 e4 42. Rb5+ Ke6 43. Ng5+ Bxg5 44. Rxg5 f3 45. Rb5 Rxe2+ 46. Kf1 Rb2 0-1

[Event "FIDE World Rapid 2014"]
[Site "Dubai UAE"]
[Date "2014.06.17"]
[Round "6.51"]
[White "Breckenridge, Steven James"]
[Black "Mchedlishvili, Mikheil"]
[Result "1/2-1/2"]
[WhiteTitle "FM"]
[BlackTitle "GM"]
[WhiteElo "2299"]
[BlackElo "2632"]
[WhiteFideId "2043700"]
[BlackFideId "13600966"]
[EventDate "2014.06.16"]

1. e4 c5 2. c3 Nf6 3. e5 Nd5 4. d4 cxd4 5. Nf3 e6 6. Bc4 Nb6 7. Bb3 dxc3 8. Nxc3
d5 9. exd6 Bxd6 10. O-O Nc6 11. Qe2 Qe7 12. Rd1 Bc7 13. Bg5 f6 14. Be3 O-O 15.
Rac1 Rd8 16. Nb5 Nd5 17. Bc5 Qf7 18. Nxc7 Qxc7 19. Bxd5 exd5 20. Rxd5 Bd7 21.
Qc4 Be6 22. Rxd8+ Nxd8 23. Qe4 Qf7 24. Re1 Bd7 25. Qb4 b6 26. Re7 Qd5 27. Qd4
Qxd4 28. Bxd4 Bb5 29. Bc3 Nc6 30. Rc7 Re8 31. b3 Ne7 32. Rxa7 Nd5 33. Bd2 Bd3
34. Rd7 Be4 35. Nd4 Ne7 36. f3 Bb1 37. a4 Nf5 38. Kf2 Nxd4 39. Rxd4 Bc2 40. Rb4
Rd8 41. Ke2 Bd3+ 42. Ke3 Bc2 43. Rxb6 Rd3+ 44. Ke2 Rxb3 45. Rxb3 Bxb3 46. a5
Bc4+ 47. Ke3 Kf7 48. Kd4 Bf1 49. g3 Ke6 50. Kc5 g5 51. Kb6 Bg2 52. f4 gxf4 53.
Bxf4 Kd7 54. g4 Bf3 55. a6 Bxg4 56. Kb7 Bf3+ 57. Kb8 Ke6 58. a7 Kf5 59. Bc7 Kg4
60. a8=Q Bxa8 61. Kxa8 f5 62. Kb7 f4 63. Kc6 f3 64. Bg3 1/2-1/2

[Event "FIDE World Rapid 2014"]
[Site "Dubai UAE"]
[Date "2014.06.17"]
[Round "7.5"]
[White "Le, Quang Liem"]
[Black "Nepomniachtchi, Ian"]
[Result "0-1"]
[WhiteTitle "GM"]
[BlackTitle "GM"]
[WhiteElo "2712"]
[BlackElo "2730"]
[WhiteFideId "12401137"]
[BlackFideId "4168119"]
[EventDate "2014.06.16"]

1. d4 Nf6 2. Nf3 g6 3. Bf4 Bg7 4. e3 d6 5. h3 c5 6. c3 cxd4 7. exd4 O-O 8. Be2
b6 9. O-O Bb7 10. Re1 Nbd7 11. Nbd2 Qc7 12. Bh2 Rad8 13. Bf1 Rfe8 14. Qb3 Qc8
15. a4 a6 16. a5 b5 17. c4 bxc4 18. Bxc4 d5 19. Bd3 Qa8 20. Rac1 Bc6 21. Qd1 Ne4
22. b4 Rc8 23. Qe2 Nxd2 24. Nxd2 Bb7 25. Nb3 Rxc1 26. Rxc1 e5 27. dxe5 Nxe5 28.
Nc5 Nxd3 29. Qxd3 d4 30. Nxb7 Qxb7 31. Bd6 h5 32. Bc5 Re6 33. Bb6 Kh7 34. Rd1
Re5 35. Qf3 Qe7 36. g3 Rf5 37. Qd3 Qxb4 38. Qxa6 h4 39. Qd3 hxg3 40. Qxg3 Bf6
41. Kh1 Qa4 42. Rc1 Qa2 43. f4 Rb5 44. Rf1 Rb3 45. Qg2 Rb2 46. Qf3 Rb3 47. Qg2
Qa3 48. Kh2 Qd6 49. Rf2 Kg7 50. Qe4 Re3 51. Qg2 Ra3 52. Qe4 Qd7 53. Qg2 d3 54.
Rd2 Bc3 55. Rd1 Qa4 56. Qf3 Qc2+ 57. Kg3 d2 58. Kg2 Ra1 0-1

[Event "FIDE World Rapid 2014"]
[Site "Dubai UAE"]
[Date "2014.06.17"]
[Round "7.6"]
[White "Tomashevsky, Evgeny"]
[Black "Radjabov, Teimour"]
[Result "1/2-1/2"]
[WhiteTitle "GM"]
[BlackTitle "GM"]
[WhiteElo "2695"]
[BlackElo "2724"]
[WhiteFideId "4147235"]
[BlackFideId "13400924"]
[EventDate "2014.06.16"]

1. d4 Nf6 2. c4 e6 3. Nc3 Bb4 4. e3 O-O 5. Bd3 d5 6. Nf3 c5 7. O-O Nc6 8. cxd5
exd5 9. dxc5 Bxc5 10. h3 Qe7 11. b3 Rd8 12. Bb2 Ne4 13. Ne2 Bf5 14. Rc1 Nxf2 15.
Rxf2 Bxd3 16. Rxc5 Bxe2 17. Qxe2 Qxc5 18. Ng5 d4 19. Qh5 h6 20. Qxf7+ Kh8 21.
Ne6 Qe5 22. exd4 Nxd4 23. Nxd8 Rxd8 24. Qc4 Qe3 25. Bxd4 Rxd4 26. Qc8+ Kh7 27.
Qf5+ Kh8 28. Qc8+ Kh7 29. Qf5+ 1/2-1/2

[Event "FIDE World Rapid 2014"]
[Site "Dubai UAE"]
[Date "2014.06.17"]
[Round "7.8"]
[White "Naiditsch, Arkadij"]
[Black "Aronian, Levon"]
[Result "1/2-1/2"]
[WhiteTitle "GM"]
[BlackTitle "GM"]
[WhiteElo "2705"]
[BlackElo "2815"]
[WhiteFideId "4650891"]
[BlackFideId "13300474"]
[EventDate "2014.06.16"]

1. e4 g6 2. d4 Bg7 3. Nc3 c6 4. Nf3 d6 5. Be3 Qc7 6. Qd2 Bg4 7. Be2 Nd7 8. h3
Bxf3 9. Bxf3 a6 10. O-O Ngf6 11. g4 h5 12. g5 Nh7 13. Bg2 e5 14. f4 exd4 15.
Bxd4 Bxd4+ 16. Qxd4 Qb6 17. Rad1 O-O-O 18. h4 Kc7 19. Qxb6+ Nxb6 20. b3 Nf8 21.
Ne2 Nfd7 22. f5 Ne5 23. fxg6 Nxg6 24. Rxf7+ Rd7 25. Rf6 Nxh4 26. Nf4 Rg8 27.
Ne6+ Kb8 28. Rdf1 d5 29. Rf8+ Rxf8 30. Nxf8 Rg7 31. Ne6 Re7 32. exd5 Nxg2 33. g6
Nxd5 34. Rf8+ Ka7 35. g7 Rxg7 36. Nxg7 Nge3 37. c4 Nb4 38. Ne6 Nxa2 39. Rf7 a5
40. Nd8 Nb4 41. Rxb7+ Ka6 42. Re7 Nf5 43. Rd7 Kb6 44. Rb7+ Kc5 45. Rd7 Nc2 46.
Ra7 Nfd4 47. Rxa5+ Kb4 48. Rxh5 Na1 49. c5 Naxb3 50. Nb7 Ne6 51. Rh4+ Kb5 52.
Kf2 Nbxc5 53. Nd6+ Kb6 54. Ke3 Nc7 55. Kd4 Nd5 56. Nc4+ Kb5 57. Nd6+ Kb6 58. Rh3
Ne6+ 59. Ke5 Nc5 60. Rh1 Kc7 61. Nc4 Nb6 62. Rh7+ Ncd7+ 63. Kd4 1/2-1/2

[Event "FIDE World Rapid 2014"]
[Site "Dubai UAE"]
[Date "2014.06.17"]
[Round "7.9"]
[White "Vachier-Lagrave, Maxime"]
[Black "Inarkiev, Ernesto"]
[Result "1/2-1/2"]
[WhiteTitle "GM"]
[BlackTitle "GM"]
[WhiteElo "2762"]
[BlackElo "2682"]
[WhiteFideId "623539"]
[BlackFideId "4162722"]
[EventDate "2014.06.16"]

1. Nf3 d5 2. g3 c6 3. Bg2 Bf5 4. O-O Nf6 5. c4 e6 6. cxd5 exd5 7. d3 Be7 8. Qb3
Qb6 9. Qc2 O-O 10. Nc3 Na6 11. e4 dxe4 12. dxe4 Be6 13. Be3 Nb4 14. Qb1 c5 15.
a3 Nc6 16. b4 Ng4 17. Nd5 Bxd5 18. exd5 Nxe3 19. fxe3 Nd8 20. Qe4 Bf6 21. bxc5
Qxc5 22. Nd4 Qd6 23. Nf5 Qe5 24. Qb4 Rc8 25. Ra2 Bg5 26. h4 Bxe3+ 27. Kh1 Bc5
28. Qg4 Rc7 29. Re2 Qf6 30. Qf4 Rd7 31. Qa4 Rc7 32. Re8 b5 33. Qxb5 Nb7 34. d6
Nxd6 35. Rxf8+ Kxf8 36. Nxd6 Qxd6 37. Qb8+ Ke7 38. Qg8 Qe6 39. Qxg7 Bd6 40. Qg5+
f6 41. Qg7+ Qf7 42. Re1+ Be5 43. Qg4 Qg6 44. Qb4+ Kf7 45. g4 Qd3 46. Qe4 Qxe4
47. Bxe4 h6 48. Re3 Ke6 49. Rd3 Ke7 50. Bf5 Bd6 51. Kg2 Rc5 52. Re3+ Be5 53. Rd3
Bd6 54. Re3+ Be5 55. Rd3 1/2-1/2